00360cam a22001337a 4500008004000000082001300040100001800053245005100071250001200122260002700134300000600161500003700167650002200204180718b1955 xxu||||| |||| 00| 0 eng d aD2 Op5/1 aOppenheim, L. aInternational law: a treatisecby L. Oppenheim a8th ed. aLondonbLongmansc1955 av aContents: v.1. Peace, lvi, 1072p aInternational law